000 nam a22 7a 4500
999 _c56481
_d56481
003 OSt
005 20230425094047.0
008 230425b xxu||||| |||| 00| 0 eng d
040 _cIIMT UNIVERSITY CENTRAL LIBRARY 2
100 _aBALAGURSWAMY,E
245 _aPROGRAMMING IN ANSI C
260 _aNEW DELHI
_bMCGRAW HILL
_c2022
300 _a581
942 _2ddc
_c01